Quantitative measure of small-subunit rRNA gene sequences of the kingdom korarchaeota /

Сохранить в:
Библиографические подробности
Главный автор: Brunk, Clifford F.
Другие авторы: Eis, Nicole.
Формат: Статья
Язык:English
Предметы:
Метки: Добавить метку
Нет меток, Требуется 1-ая метка записи!
Thư viện lưu trữ: Thư viện Trường Đại học Đà Lạt
LEADER 00921nam a2200301 4500
001 DLU090091943
005 ##20091201
040 # # |a DLU  |b eng 
041 # # |a eng 
044 # # |a us 
100 # # |a Brunk, Clifford F. 
245 # # |a Quantitative measure of small-subunit rRNA gene sequences of the kingdom korarchaeota /  |c Clifford F. Brunk, Nicole Eis. 
653 # # |a Amplification 
653 # # |a Archaeobacteria 
653 # # |a Bacteria 
653 # # |a Polymerase chain reaction 
653 # # |a Ribosomal DNA 
700 # # |a Eis, Nicole.  
773 # # |t Applied and Environmental Microbiology  |g Vol. 64, no. 12 (December 1998), p. 5064-5066 
920 # # |a Phòng Tạp chí -- Trung tâm Thông tin - Thư viện Trường Đại học Đà Lạt 
994 # # |a DLU 
900 # # |a True 
911 # # |a Trương Bảo Trâm Anh 
925 # # |a G 
926 # # |a A 
927 # # |a BB 
980 # # |a Thư viện Trường Đại học Đà Lạt